Netter's clinical anatomy (Record no. 2267)

000 -LEADER
fixed length control field 01406cam a2200373Ii 4500
001 - CONTROL NUMBER
control field 1017817783
003 - CONTROL NUMBER IDENTIFIER
control field OCoLC
005 - DATE AND TIME OF LATEST TRANSACTION
control field 20241225131303.0
006 - FIXED-LENGTH DATA ELEMENTS--ADDITIONAL MATERIAL CHARACTERISTICS
fixed length control field m o d
007 - PHYSICAL DESCRIPTION FIXED FIELD--GENERAL INFORMATION
fixed length control field cr |||||||||||
008 - FIXED-LENGTH DATA ELEMENTS--GENERAL INFORMATION
fixed length control field 171216t20192019paua eo 001 0 eng d
022 ## - INTERNATIONAL STANDARD SERIAL NUMBER
International Standard Serial Number 9780323826624
035 ## - SYSTEM CONTROL NUMBER
System control number (OCoLC)1017817783
037 ## - SOURCE OF ACQUISITION
Stock number 9780323550819
Source of stock number/acquisition Ingram Content Group
040 ## - CATALOGING SOURCE
Original cataloging agency NLE
Language of cataloging eng
Description conventions rda
Transcribing agency NLE
Modifying agency NLE
-- MMU
-- OCLCO
049 ## - LOCAL HOLDINGS (OCLC)
Holding library YYEA
-- VZYM
080 ## - UNIVERSAL DECIMAL CLASSIFICATION NUMBER
Universal Decimal Classification number 611
Item number H-23
245 00 - TITLE STATEMENT
Title Netter's clinical anatomy
Statement of responsibility, etc. [edited by] John T. Hansen ; illustrations by Frank H. Netter ; contributing illustrators, Carlos A.G. Machado [and four others].
250 ## - EDITION STATEMENT
Edition statement 5th ed.
260 ## - PUBLICATION, DISTRIBUTION, ETC.
Place of publication, distribution, etc. Philadelphia, PA :
Name of publisher, distributor, etc. Elsevier,
Date of publication, distribution, etc. 2022
300 ## - PHYSICAL DESCRIPTION
Extent xviii, 573 pages:
Other physical details illustrations (chiefly color).
490 0# - SERIES STATEMENT
Series statement Netter basic science.
650 12 - SUBJECT ADDED ENTRY--TOPICAL TERM
Topical term or geographic name entry element Anatomy
Form subdivision Atlases.
650 22 - SUBJECT ADDED ENTRY--TOPICAL TERM
Topical term or geographic name entry element Clinical Medicine
Form subdivision Atlases.
653 ## - INDEX TERM--UNCONTROLLED
Uncontrolled term ანატომია
653 ## - INDEX TERM--UNCONTROLLED
Uncontrolled term კლინიკური მედიცინა
700 1# - ADDED ENTRY--PERSONAL NAME
Personal name Hansen, John T.
700 1# - ADDED ENTRY--PERSONAL NAME
Personal name Netter, Frank H.
Fuller form of name (Frank Henry),
Dates associated with a name 1906-1991.
700 1# - ADDED ENTRY--PERSONAL NAME
Personal name Machado, Carlos A. G.
710 2# - ADDED ENTRY--CORPORATE NAME
Corporate name or jurisdiction name as entry element Clinical Key (Online Service)
730 0# - ADDED ENTRY--UNIFORM TITLE
Relationship information Preceded by:
Uniform title Netter's clinical anatomy.
Version 3rd ed.
Date of a work [2014]
776 08 - ADDITIONAL PHYSICAL FORM ENTRY
Relationship information Print version:
Title Netter's clinical anatomy.
Place, publisher, and date of publication Philadelphia, PA : Elsevier, [2019]
International Standard Book Number 9780323531887
Record control number (OCoLC)1005105354.
942 ## - ADDED ENTRY ELEMENTS (KOHA)
Source of classification or shelving scheme
Koha item type Books
Edition 5
Holdings
Withdrawn status Lost status Source of classification or shelving scheme Damaged status Not for loan Permanent location Current location Date acquired Inventory number Total Checkouts Full call number Barcode Date last seen Date last checked out Price effective from Koha item type
          Ken Walker International University Ken Walker International University 12/23/2024 2611 1 611 H-23 2611 04/06/2026 04/06/2026 12/23/2024 Books

Powered by Koha